000 00600nam a2200241Ia 4500
003 OSt
005 20221005120852.0
006 a|||||r|||| 00| 0
007 ta
008 221004b |||||||| |||| 00| 0 eng d
024 _a52968
037 _cTextual
040 _aCRL
_cCRL
_beng
041 _2eng
_aeng
082 _aQ851vC4, H3
100 _aMurray Gilbert
245 0 _aFive stages of Greek religion, etc.
260 _c1943
490 _aThinker's library,52.
650 _aRELIGION
942 _hQ851vC4, H3
_cTEXL
_2cc
999 _c1039360
_d1039360